000 01695nam0a2200385 4500
001 RU\NLR\bibl\1384039
005 20250615194442.0
010 _a978-5-93597-080-2
_9300
021 _aRU
_b2009-33077
_91993
035 _a(nilc)RSL-KNO-004319800
035 _a(NLR Aleph) 001376112
090 _a1072494
_c1072494
100 _a20090416d2009 |||y0rusy50 ca
101 0 _arus
102 _aRU
105 _aa |||||||||
200 1 _aСанкт-Петербург как эстетический феномен
_e[сборник статей
_fотв. ред. Е. Н. Устюгова]
210 _aСанкт-Петербург
_cСанкт-Петербургское философское общество
_d2009
215 _a324 с.
_cил.
_d21
320 _aБиблиогр. в примеч.
606 1 _aИскусство русское
_jСборники
_yСанкт-Петербург, город
_92237488
_3RU\NLR\auth\661342740
607 _aСанкт-Петербург, город
_jСборники
_xКультура
_xФилософские вопросы
_92196216
_3RU\NLR\auth\661319955
686 _aН0(2Р=Р)92С.-Петербург.я43
_2rubbk
686 _aТ3(2Р-4Ле-2С.-Петербург)я43
_2rubbk
686 _aЮ815.1я43
_2rubbk
686 _aС550.661я43
686 _aЮ805.1я43
686 _aЩ03(2Р=Рус)-692Санкт-Петербург я43
702 1 _4340
_7ca
_8rus
_aУстюгова
_bЕ. Н.
_f1948-
_gЕлена Николаевна
_9148318
_3RU\NLR\AUTH\770148354
801 0 _aRU
_bРКП
_c20090416
_grcr
801 1 _aRU
_bРГБ
_c20090416
801 2 _aRU
_bNLR
_c20090619
_grcr
942 _cBOOK
980 _aNB